|
|
|
|
| LEADER |
00000nab a2200000 a 4500 |
| 001 |
vtls011111077 |
| 003 |
SK-MaSNL |
| 005 |
20260303150433.0 |
| 008 |
230222|2003 xo |||||||||||||||||slo| |
| 015 |
|
|
|a SNBRB
|
| 035 |
|
|
|a (uuid)ca745e8b-918e-4078-a6a5-827d2c95d00c
|
| 035 |
|
|
|a (urnnbn)urn:nbn:sk:snk:ar-a08f47
|
| 035 |
|
|
|a urn:nbn:sk:snk-ab9hr9
|
| 040 |
|
|
|a SNKBUCL
|b slo
|c SNKBUCL
|e AACR2
|
| 041 |
0 |
|
|a slo
|
| 044 |
|
|
|a xo
|c SK
|
| 100 |
1 |
|
|a Podhorský, Štefan
|4 aut
|9 11945
|
| 245 |
1 |
0 |
|a APLIKÁCIA PLAZMOVÉHO VÝBOJA V ELEKTROLYTE PRI VÝROBE INJEKČNÝCH IHIEL
|c Štefan Podhorský
|
| 246 |
3 |
|
|a APPLICATION OF THE PLASMA-ELECTROLYTIC PROCESS IN THE PRODUCTION OF HYPODERMIC NEEDLES
|
| 773 |
0 |
|
|t Vedecké práce Materiálovotechnologickej fakulty Slovenskej technickej univerzity v Bratislave so sídlom v Trnave
|g Č. 15 (2003), s. 121-125
|
| 954 |
|
|
|a odborná, vedecká literatúra pôvodná (slovenská)
|2 lita
|
| 958 |
|
|
|a OND
|
| 958 |
|
|
|a EUIPO
|
| 958 |
|
|
|a article13
|
| 999 |
|
|
|c 2010633
|d 2012563
|